Statystyki dla Wszystkie miasta województwa opolskiego na mapie

Kliknij tutaj aby rozwiązać quiz!

Ogólne statystyki

  • Ten quiz został rozwiązany 1 781 razy
  • Średni wynik to 20 z 36

Odpowiedzi na mapie

Odpowiedzi skodowane kolorowo w zielono-czerwonej skali na mapie do tego quizu, zgodnie z poniższymi procentami.
 

Statystyki odpowiedzi

WojewództwoMiasto% Poprawnych
OpolskieOpole
99%
OpolskieKędzierzyn-Koźle
89%
OpolskieNysa
86%
OpolskieBrzeg
83%
OpolskieKluczbork
78%
OpolskieNamysłów
76%
OpolskieStrzelce Opolskie
76%
OpolskiePrudnik
75%
OpolskieKrapkowice
72%
OpolskieGłubczyce
71%
OpolskieOlesno
68%
OpolskieGłuchołazy
66%
OpolskieGogolin
53%
OpolskieNiemodlin
53%
OpolskiePaczków
53%
OpolskieOtmuchów
52%
OpolskieLewin Brzeski
50%
OpolskieOzimek
50%
OpolskieGłogówek
46%
OpolskieGorzów Śląski
45%
OpolskieZdzieszowice
45%
OpolskieByczyna
44%
OpolskieKietrz
44%
OpolskiePraszka
44%
OpolskiePrószków
44%
OpolskieGrodków
43%
OpolskieUjazd
43%
OpolskieZawadzkie
43%
OpolskieBiała
42%
OpolskieDobrodzień
42%
OpolskieBaborów
39%
OpolskieKolonowskie
39%
OpolskieKorfantów
39%
OpolskieLeśnica
37%
OpolskieWołczyn
36%
OpolskieTułowice
32%

Rozkład punktacji

Percentyl według liczby udzielonych odpowiedzi

Procent ludzi z każdym wynikiem

Twoja historia wyników

Nie rozwiązałeś tego quizu